|
|
|
|
| LEADER |
00000nam a22000007a 4500 |
| 005 |
20171010120543.0 |
| 007 |
cr|||| |||| |
| 008 |
171010c201x9999mx |||| s|||| 0|||b1spa d |
| 035 |
|
|
|a 20388
|
| 040 |
|
|
|a vLex
|
| 090 |
|
|
|c 7105
|d 7105
|
| 245 |
0 |
0 |
|a Finanzas Pb︢licas
|h [Recurso electrn̤ico]
|
| 256 |
|
|
|a Servicio en ln̕ea
|
| 260 |
|
|
|a Ciudad de Mx̌ico :
|b Cm̀ara de Diputados,
|c 201? -
|
| 300 |
|
|
|a 1 recurso electrn̤ico
|
| 310 |
|
|
|a Mensual
|
| 506 |
|
|
|a Disponible solo en los productos indicados
|d vLex Global
|d vLex Global (Academic Edition, excluding Law Schools)
|d vLex Global (U.S. Academic Edition, Law Schools)
|d vLex Global (U.S. Academic Edition, excluding Law Schools)
|d vLex Global (Academic Edition, Law Schools)
|
| 650 |
0 |
4 |
|a Finanzas pb︢licas
|z Mx̌ico
|
| 650 |
0 |
4 |
|a Derecho pb︢lico
|z Mx̌ico
|
| 740 |
0 |
|
|a vLex Revistas (Servicio en ln̕ea)
|
| 856 |
4 |
0 |
|u http://vlex.com/source/finanzas-publicas-20388
|z Acceso restringido
|
| 942 |
|
|
|c REV
|
| 999 |
0 |
0 |
|a Finance, Public
|
| 999 |
0 |
0 |
|a Public law
|